Controlling ako manažérsky nástroj kvantifikácie nákladov a ich optimalizácie

Autor rieši otázku implementácie controllingu v stavebnej firme. Sútreďuje sa na možnosť vytvorenia subsystému controllingu pre manažérske informačné systémy. Dôležitou súčasťou procesu controllingu je analýza nákladov prostredníctvom odchýlok.

Gespeichert in:
Bibliographische Detailangaben
1. Verfasser: Mesároš, František
Format: Buchkapitel
Sprache:Slowakisch
Schlagworte:
Tags: Tag hinzufügen
Keine Tags, Fügen Sie das erste Tag hinzu!

MARC

LEADER 00000naa$a2200000$$$4500
001 0023431
005 20221128113042.6
041 0 |a slo 
044 |a SK 
245 1 0 |a Controlling ako manažérsky nástroj kvantifikácie nákladov a ich optimalizácie  |c František Mesároš 
520 |a Autor rieši otázku implementácie controllingu v stavebnej firme. Sútreďuje sa na možnosť vytvorenia subsystému controllingu pre manažérske informačné systémy. Dôležitou súčasťou procesu controllingu je analýza nákladov prostredníctvom odchýlok. 
610 2 0 |a podnik stavebný 
610 2 0 |a kontroling 
610 2 0 |a systémy informačné riadiace 
610 2 0 |a analýza nákladov 
100 1 |a Mesároš, František